| 000 | 00684nam a2200217Ii 4500 | ||
|---|---|---|---|
| 003 | JO-AjNU | ||
| 008 | 230605s9999||||xx |||||||||||||| ||und|| | ||
| 017 | _a2004/5/1186 | ||
| 040 |
_aJO-AjNU _bara _erda _cJO-AjNU |
||
| 041 | _aara | ||
| 050 | 1 | 4 | _aDS389.Z286 2004 |
| 100 | 3 |
_aتاليف الزبدي، مفيد, _eauthor _918072 |
|
| 245 | 0 | 0 | _aالمبسط في تاريخ العرب الحديث 1516-1916 |
| 250 | _aط1 | ||
| 264 | 3 | 1 | _aعمان: دار المناهج، 2004 |
| 300 | _a144ص | ||
| 336 |
_atext _btxt _2rdacontent |
||
| 337 |
_aunmediated _bn _2rdamedia |
||
| 338 |
_avolume _bnc _2rdacarrier |
||
| 650 | 4 |
_aتاريخ العرب الحديث-1516-1416 _918073 |
|
| 999 |
_aA5711 _c9279 _d9279 |
||